No more cheeks to turn? / (Record no. 9977)
[ view plain ]
| 000 -LEADER | |
|---|---|
| fixed length control field | 01412cam a2200349 i 4500 |
| 001 - CONTROL NUMBER | |
| control field | 964502177 |
| 003 - CONTROL NUMBER IDENTIFIER | |
| control field | OCoLC |
| 005 - DATE AND TIME OF LATEST TRANSACTION | |
| control field | 20241126110722.0 |
| 008 - FIXED-LENGTH DATA ELEMENTS--GENERAL INFORMATION | |
| fixed length control field | 161026s2017 miu b 000 0 eng c |
| 010 ## - | |
| -- | 2016048658 |
| 020 ## - INTERNATIONAL STANDARD BOOK NUMBER | |
| International Standard Book Number | 9789966003386 |
| 020 ## - INTERNATIONAL STANDARD BOOK NUMBER | |
| International Standard Book Number | 996600338X |
| 035 ## - SYSTEM CONTROL NUMBER | |
| System control number | (OCoLC)964502177 |
| 040 ## - CATALOGING SOURCE | |
| Original cataloging agency | NcWfSB/DLC |
| Language of cataloging | eng |
| Description conventions | rda |
| Transcribing agency | DLC |
| Modifying agency | OEM |
| -- | BDX |
| -- | YDX |
| -- | CSAIL |
| -- | BTCTA |
| -- | OCLCO |
| -- | OCLCF |
| -- | OCLCA |
| -- | UKMGB |
| 042 ## - | |
| -- | pcc |
| 043 ## - | |
| -- | f-nr--- |
| 082 ## - DEWEY DECIMAL CLASSIFICATION NUMBER | |
| Classification number | 241.4 |
| Item number | AGA |
| 092 ## - LOCALLY ASSIGNED DEWEY CALL NUMBER (OCLC) | |
| Classification number | 241.4 |
| Item number | A259N |
| 100 1# - MAIN ENTRY--PERSONAL NAME | |
| Personal name | Agang, Sunday Bobai, |
| Relator term | author |
| 9 (RLIN) | 17360 |
| 245 10 - TITLE STATEMENT | |
| Title | No more cheeks to turn? / |
| Statement of responsibility, etc. | by Sunday Bobai Agang |
| 264 #1 - PRODUCTION, PUBLICATION, DISTRIBUTION, MANUFACTURE, AND COPYRIGHT NOTICE | |
| Place of production, publication, distribution, manufacture | Grand Rapids, Michigan : |
| Name of producer, publisher, distributor, manufacturer | HippoBooks, an imprint of ACTS, Langham Publications, WordAlive and Zondervan, |
| Date of production, publication, distribution, manufacture, or copyright notice | [2017] |
| 300 ## - PHYSICAL DESCRIPTION | |
| Extent | xiv, 110 pages ; |
| Dimensions | 23 cm |
| 504 ## - BIBLIOGRAPHY, ETC. NOTE | |
| Bibliography, etc. note | Includes bibliographical references (page 111) |
| 520 ## - SUMMARY, ETC. | |
| Summary, etc. | When a Christian has "turned the other cheek" only to be slapped on the other, what options remain? How should Christians respond to violence against them? |
| 650 #0 - SUBJECT ADDED ENTRY--TOPICAL TERM | |
| Topical term or geographic name entry element | Violence |
| General subdivision | Religious aspects |
| -- | Christianity |
| 9 (RLIN) | 14148 |
| 650 #0 - SUBJECT ADDED ENTRY--TOPICAL TERM | |
| Topical term or geographic name entry element | Violence |
| General subdivision | Moral and ethical aspects |
| Geographic subdivision | Nigeria |
| 9 (RLIN) | 17361 |
| 650 #0 - SUBJECT ADDED ENTRY--TOPICAL TERM | |
| Topical term or geographic name entry element | Nonviolence |
| General subdivision | Religious aspects |
| -- | Christianity |
| 9 (RLIN) | 17362 |
| 650 #0 - SUBJECT ADDED ENTRY--TOPICAL TERM | |
| Topical term or geographic name entry element | Forgiveness |
| General subdivision | Religious aspects |
| -- | Christianity |
| 9 (RLIN) | 16425 |
| 650 #0 - SUBJECT ADDED ENTRY--TOPICAL TERM | |
| Topical term or geographic name entry element | Peace-building |
| General subdivision | Religious aspects |
| -- | Christianity |
| 9 (RLIN) | 17363 |
| 650 #0 - SUBJECT ADDED ENTRY--TOPICAL TERM | |
| Topical term or geographic name entry element | Christian life |
| 9 (RLIN) | 183 |
| 942 ## - ADDED ENTRY ELEMENTS (KOHA) | |
| Source of classification or shelving scheme | Dewey Decimal Classification |
| Koha item type | Books |
| Withdrawn status | Lost status | Source of classification or shelving scheme | Damaged status | Not for loan | Home library | Current Library | Shelving location | Date acquired | Total checkouts | Full call number | Barcode | Date last seen | Date last checked out | Copy number | Price effective from | Koha item type |
|---|---|---|---|---|---|---|---|---|---|---|---|---|---|---|---|---|
| Dewey Decimal Classification | GRACE BIBLE COLLEGE | GRACE BIBLE COLLEGE | Theology | 2023-10-30 | 1 | 241.4 AGA | 020632 | 2025-07-23 | 2025-07-18 | c.1 | 2023-10-30 | Books |